Márkaszerviz Újszegeden

Elmentve itt :
Bibliográfiai részletek
Dokumentumtípus: Cikk
Megjelent: 1987-02-28
Sorozat:Délmagyarország 77 No. 50
Kulcsszavak:számítógépek
Online Access:http://dmarchiv.bibl.u-szeged.hu/107440
LEADER 00397nab a2200145 i 4500
001 delm107440
005 20190919091508.0
008 190919s1987 hu o 0|| hun d
040 |a SZTE Délmagyarország Archívum  |b hun 
041 |a hun 
245 0 0 |a Márkaszerviz Újszegeden  |h [elektronikus dokumentum] 
260 |c 1987-02-28 
300 |a 1 
490 0 |a Délmagyarország  |v 77 No. 50 
695 |a számítógépek